Displacement economies in Africa : paradoxes of crisis and creativity (Record no. 40325)

MARC details
000 -LEADER
fixed length control field 02240nam a2200313 a 4500
001 - CONTROL NUMBER
control field 18315936
008 - FIXED-LENGTH DATA ELEMENTS--GENERAL INFORMATION
fixed length control field 190520s2014 ||||||||||||||||| || u
010 ## - LIBRARY OF CONGRESS CONTROL NUMBER
LC control number 2014453409
020 ## - INTERNATIONAL STANDARD BOOK NUMBER
International Standard Book Number 9781780324883
020 ## - INTERNATIONAL STANDARD BOOK NUMBER
International Standard Book Number 9781780324883 (pbk.)
020 ## - INTERNATIONAL STANDARD BOOK NUMBER
International Standard Book Number 1780324898 (hbk.)
020 ## - INTERNATIONAL STANDARD BOOK NUMBER
International Standard Book Number 178032488X (pbk.)
050 ## - LIBRARY OF CONGRESS CALL NUMBER
Classification number HC 800 Dis
100 ## - MAIN ENTRY--PERSONAL NAME
Personal name Hammar,Amanda
245 10 - TITLE STATEMENT
Title Displacement economies in Africa : paradoxes of crisis and creativity
Statement of responsibility, etc. edited by Amanda Hammar
260 ## - PUBLICATION, DISTRIBUTION, ETC.
Place of publication, distribution, etc. London
Name of publisher, distributor, etc. Zed
Date of publication, distribution, etc. 2014
300 ## - PHYSICAL DESCRIPTION
Extent vii, 260 pages
336 ## - CONTENT TYPE
Content type term text
Source rdacontent
337 ## - MEDIA TYPE
Media type term unmediated
Source rdamedia
338 ## - CARRIER TYPE
Carrier type term volume
Source rdacarrier
350 ## - PRICE (NR) (BK AM CF MU VM SE) [OBSOLETE]
Price 36.95
500 ## - GENERAL NOTE
General note Includes bibliographical references and index.
505 ## - FORMATTED CONTENTS NOTE
Formatted contents note Displacement economies : paradoxes of crisis and creativity in Africa / Amanda Hammar -- Securing livelihoods : economic practice in the Darfur-Chad borderlands / Andrea Behrends -- Contested spaces, new opportunities : displacement, return and the rural economy in Casamance, Senegal / Martin Evans -- The paradoxes of class : crisis, displacement and repositioning in post-2000 Zimbabwe / Amanda Hammar -- Rapid adaptations to change and displacements in the Lundas (Angola) / Cristina Udelsmann Rodrigues -- Somali displacements and shifting markets : camel milk in Nairobi's Eastleigh estate / Hannah Elliott -- Diaspora returnees in Somaliland's displacement economy / Peter Hansen -- Financial flows and secrecy jurisdictions in times of crisis : relocating assets in Zimbabwe's displacement economy / Sarah Bracking -- The IDP economy in northern Uganda : a prisoners' economy? / Morten Bøås and Ingunn Bjørkhaug -- "No move to make" : the Zimbabwe crisis, displacement-in-place and the erosion of "proper places" / Jeremy Jones -- Captured lives : the precarious space of youth displacement in eastern DRC / Timothy Raeymaekers.
650 #0 - SUBJECT ADDED ENTRY--TOPICAL TERM
Topical term or geographic name entry element ECONOMIC HISTORY
650 #0 - SUBJECT ADDED ENTRY--TOPICAL TERM
Topical term or geographic name entry element REFUGEES-AFRICA-ECONOMIC CONDITIONS
650 #0 - SUBJECT ADDED ENTRY--TOPICAL TERM
Topical term or geographic name entry element SOCIAL CONFLICT--ECONOMIC ASPECTS--AFRICA
650 #7 - SUBJECT ADDED ENTRY--TOPICAL TERM
Topical term or geographic name entry element REFUGEES--ECONOMIC CONDITIONS
Source of heading or term fast
995 ## - RECOMMENDATION 995 [LOCAL, UNIMARC FRANCE]
-- 36.95
-- CBU-MAIN LIBRARY (Kitwe)
-- 36.95
-- 1
-- AVAILABLE
-- May 20, 2019
-- Main Library Open Access Collection
Holdings
Withdrawn status Lost status Source of classification or shelving scheme Damaged status Not for loan Home library Current library Shelving location Date acquired Total Checkouts Full call number Barcode Date last seen Price effective from Koha item type
          CBU-MAIN LIBRARY, KITWE. CBU-MAIN LIBRARY, KITWE.   11/30/2022   HC 800 Dis 749097 11/30/2022 11/30/2022 MONOGRAPH